000 00248nam a2200097Ia 4500
008 230508s2010 xx 000 0 und d
041 _aeng
100 _aCHOUDHARY.NIRJHAR.ROY.
245 _aWORKSHOP TECHNOLOGY
260 _bMEDIA PROMOTERS & PU
_c2010
999 _c741898
_d741898